| 000 | 00655nam a2200241 a 4500 | ||
|---|---|---|---|
| 001 | 68124 | ||
| 003 | BD-RjUL | ||
| 005 | 20211209081731.0 | ||
| 008 | 2000-0s1994 nyua 001 0 eng | ||
| 020 |
_a1558283757 : _c$21.95 |
||
| 035 | _a(BD-RjUL)68333 | ||
| 040 |
_aDLC _cDLC _dBD-RjUL _beng |
||
| 041 | _aeng | ||
| 082 | 0 | 0 |
_a006.686 _223 _bERT 1994 |
| 100 | 1 |
_aErdos, Dawn. _9201950 |
|
| 245 | 1 | 0 |
_aTeach yourself-- CorelDraw! / _cDawn Erdos. |
| 250 | _a1st ed. | ||
| 260 |
_aNew York, N.Y. : _bMIS:Press, _cc1994. |
||
| 300 |
_ax, 342 p. : _bill ; _c24 cm. |
||
| 500 | _aIncludes index. | ||
| 650 | 0 |
_aComputer graphics. _9117810 |
|
| 942 |
_2ddc _cBK |
||
| 999 |
_c68124 _d68124 |
||